000
00340nam a2200133Ia 4500
008
240109s9999 xx 000 0 und d
041
_a
eng
082
_a
332.1
100
_a
Ravichandran K.
245
_a
Merchant Banking and Financial Services
260
_b
Himalaya Pub House , Mumbai Delhi
300
_a
325
650
_a
Management
999
_c
1040366
_d
1040366